| 000 | 00736nam a22002297a 4500 | ||
|---|---|---|---|
| 999 |
_c1596 _d1596 |
||
| 001 | 17287 | ||
| 003 | BD-DhUAP | ||
| 005 | 20200210145304.0 | ||
| 008 | 200210r20112006ii l 001 0 eng | ||
| 040 |
_aDLC _cDLC _dBD-DhUAP _bEng |
||
| 082 |
_223 _a346.540436 JHA |
||
| 100 | _aJhabvala, Noshirvan H. | ||
| 245 | 1 | 0 |
_aThe transfer of property act : _b(act iv of 1882) / _cNoshirvan H. Jhabvala ; revised and up-to-date Yusuf Iqbal Yusuf. |
| 250 | _a25th rev. ed. | ||
| 260 |
_aMumbai : _bC. Jamnadas & Co., _c2006 [Reprinted 2010, 2011]. |
||
| 300 |
_avii, 224 pages ; _c25 cm. |
||
| 546 | _aEnglish and Bengali. | ||
| 650 |
_aTransfer (Law) _zIndia. |
||
| 650 | _aProperty. | ||
| 650 |
_aMortgages (Law) _zIndia. |
||
| 942 |
_2ddc _cBK |
||